LIBRARY & INFORMATION CENTRE, KCAET, TAVANUR

ONLINE PUBLIC ACCESS CATALOGUE (OPAC)

Electrical ignition equipment / (Record no. 10050)

MARC details
000 -LEADER
fixed length control field 00366cam a2200145ua 4500
003 - CONTROL NUMBER IDENTIFIER
control field OSt
008 - FIXED-LENGTH DATA ELEMENTS--GENERAL INFORMATION
fixed length control field 250802b |||||||| |||| 00| 0 eng d
041 ## - LANGUAGE CODE
Language code of text/sound track or separate title eng
082 ## - DEWEY DECIMAL CLASSIFICATION NUMBER
Classification number 624.5
Item number SPR/EL
100 ## - MAIN ENTRY--AUTHOR NAME
Personal name Spreadbury, F G .
245 ## - TITLE STATEMENT
Title Electrical ignition equipment /
260 ## - PUBLICATION, DISTRIBUTION, ETC. (IMPRINT)
Place of publication London :
Name of publisher Constable and co. ltd ,
Year of publication 1954.
300 ## - PHYSICAL DESCRIPTION
Number of Pages 227 ; .
942 ## - ADDED ENTRY ELEMENTS (KOHA)
Koha item type Books
Holdings
Withdrawn status Lost status Damaged status Home library Current library Date acquired Full call number Accession Number Koha item type
      KAUAET KAUAET 07/04/2012 624.5 SPR/EL 3481 Books
free website counter